000
00291nam a2200121Ia 4500
008
190216s9999||||xx |||||||||||||| ||und||
100
_a
Hanson Alvin
245
0
_a
Economic Policy And Full Employment
260
_b
Eurasia Pub-Ltd
_c
1962
300
_a
340p
650
_a
Economics
942
_c
BK
999
_c
9608
_d
9608